=LDR 00000nam 2200000 4500 =001 INLIS000000000043905 =005 20131008103945 =008 ***********************************ind** =035 ##$$a0010-101300000001827 =041 ##$$a ind =082 ##$$a 923.6 =090 ##$$a 923.6, Suk m =100 ##$$a Sukanto, Suryono =245 ##$$a Mengenal tujuh tokoh sosiologi, Suryono Sukanto =260 ##$$a 2002 $b Jakarta =300 ##$$a xi, 605 hlm, 21 cm =650 ##$$a Sosiologi - Biografi =850 ##$$a NBPNMAT =990 ##$$a 21400613/BPAP-NTB/20142014 =990 ##$$a 05280528 =990 ##$$a 1202003330 =990 ##$$a 21400613/BPAP-NTB/20142014